01786nam a2200421 i 450000100060000000300080000600500170001400600190003100700150005000800410006502000270010603500230013303500240015603500250018003500210020504000310022605000270025708000210028408200190030524501640032426401200048830000580060833600310066633700330069733800430073050400290077358801270080259001590092965000460108865000280113465000180116265000170118065500270119770000420122479700190126685600620128599900170134722759FlNmELB20241216214031.0m o d | cr cnu||||||||151203s2005 mx a ob 000 0 spa d a9789702707585 (e book) a(MiAaPQ)EBC4184617 a(Au-PeEL)EBL4184617 a(CaPaEBR)ebr11126854 a(OCoLC)949156204 aFINmELBbspaerdacFINmELB 4aHD8110.5.A5bT758 2005 a316.343.2-058.140 a305.56209822300aTrabajo y capitalismo entre siglos en Latinoamérica :bel trabajo entre la perennidad y la superfluidad /cAlberto L. Bialakowsky [y otros 3] (compiladores). 1aGuadalajara, Jalisco :bUniversidad de Guadalajara, Centro Universitario de Ciencias Sociales y Humanidades,c2005. a1 recurso en línea (379 páginas) :bilustraciones atextobtxt2rdacontent/spa acomputadorabc2rdamedia/spa arecurso en líneabcr2rdacarrier/spa aContiene bibliografía. aDescripción basada en recurso en línea; Título de la página del título en PDF (e-libro, visto December 3, 2015). aRecurso electronico. Santa Fe, Arg. : e-libro, 2014. Disponible via World Wide Web. El acceso puede ser limitado para las bibliotecas afiliadas a e-libro. 0aWorking classzLatin AmericavCongresses. 0aCapitalismvCongresses. 4aClase social. 4aCapitalismo. 4aLibros electrónicos.1 aBialakowsky, Alberto L,ecoordinador.2 ae-libro, Corp.40uhttps://elibro.net/ereader/politecnicointernacional/74242 c22759d22759